Oracle bones : (Record no. 775)

MARC details
000 -LEADER
fixed length control field 00630nam a2200205 a 4500
001 - CONTROL NUMBER
control field 775
005 - DATE AND TIME OF LATEST TRANSACTION
control field 20221127090023.0
008 - FIXED-LENGTH DATA ELEMENTS--GENERAL INFORMATION
fixed length control field 050920s lxxub | 00100 eng d
020 ## - INTERNATIONAL STANDARD BOOK NUMBER
International Standard Book Number 0060826584(hpb) :
Terms of availability SR111.00
035 ## - SYSTEM CONTROL NUMBER
System control number 788
082 04 - DEWEY DECIMAL CLASSIFICATION NUMBER
Classification number 951
Item number H468 2006
100 1# - MAIN ENTRY--PERSONAL NAME
Personal name Hessler, Peter.
245 10 - TITLE STATEMENT
Title Oracle bones :
Remainder of title a journey between China's past and present /
Statement of responsibility, etc. Peter Hessler.
260 ## - PUBLICATION, DISTRIBUTION, ETC.
Place of publication, distribution, etc. New York :
Name of publisher, distributor, etc. HarperCollins,
Date of publication, distribution, etc. 2006.
300 ## - PHYSICAL DESCRIPTION
Extent xi, 491 :
Other physical details maps ;
Dimensions 23 cm.
504 ## - BIBLIOGRAPHY, ETC. NOTE
Bibliography, etc. note Includes bibl. references and index.
651 #4 - SUBJECT ADDED ENTRY--GEOGRAPHIC NAME
Geographic name China
General subdivision Civilzation.
651 #4 - SUBJECT ADDED ENTRY--GEOGRAPHIC NAME
Geographic name China
General subdivision History.
651 #4 - SUBJECT ADDED ENTRY--GEOGRAPHIC NAME
Geographic name China
General subdivision Description and travels.

No items available.